[Event "Oberpfalz-ch M3"]
[Site "Roding"]
[Date "2010.03.29"]
[Round "5"]
[White "Dinter, Manuel"]
[Black "Eckert, Iwan"]
[Result "1-0"]
[WhiteElo "1316"]
[BlackElo "778"]
[PlyCount "155"]
[EventDate "2010.03.27"]
[EventType "swiss"]
[EventRounds "8"]
[EventCountry "GER"]
[SourceTitle "EXT 2012"]
[Source "ChessBase"]
[SourceDate "2011.11.24"]
[SourceVersion "1"]
[SourceVersionDate "2011.11.24"]
[SourceQuality "1"]

1. d4 d5 2. c4 e6 3. Nc3 c5 4. Nf3 Nf6 5. Bg5 Be7 6. e3 Nc6 7. cxd5 exd5 8. Be2 Bf5 9. 0-0 Nb4 10. Bb5+ Nd7 11. Bxe7 Qxe7 12. Ne5 0-0 13. Nxd7 Bxd7 14. Bxd7 Qxd7 15. dxc5 Rfe8 16. a3 Na6 17. b4 Red8 18. Qf3 Rac8 19. Rfd1 Nc7 20. Rd4 b6 21. cxb6 axb6 22. Rad1 Kf8 23. Nxd5 Nxd5 24. Rxd5 Qxd5 25. Ra1 Qxf3 26. gxf3 b5 27. Kg2 Rd2 28. a4 Rc4 29. a5 Rd8 30. a6 Rxb4 31. a7 Ra8 32. Ra6 Ra4 33. Rb6 b4 34. Rb8+ Ke7 35. Rxa8 b3 36. Rb8 Rxa7 37. Rxb3 Ra2 38. Rb6 f5 39. Kg3 g6 40. Rb7+ Kf6 41. Rxh7 Ra1 42. Kg2 g5 43. Rh6+ Kg7 44. Rd6 f4 45. exf4 gxf4 46. Rd4 Kf6 47. Rxf4+ Ke5 48. Rf8 Ra4 49. Re8+ Kf6 50. Re4 Ra5 51. h4 Ra8 52. Kg3 Rg8+ 53. Rg4 Rh8 54. f4 Kf5 55. f3 Rh7 56. Rg5+ Kf6 57. Kg4 Re7 58. h5 Re1 59. Rb5 Rg1+ 60. Kh3 Rh1+ 61. Kg2 Rh4 62. h6 Rxf4 63. Rh5 Rd4 64. h7 Rd8 65. h8Q+ Rxh8 66. Rxh8 Kg7 67. Ra8 Kf7 68. Ra6 Kg7 69. Kg3 Kf7 70. Kf4 Kg7 71. Kf5 Kh7 72. Kg5 Kg8 73. Ra7 Kf8 74. Kf5 Ke8 75. Ke5 Kd8 76. Rh7 Kc8 77. Kd6 Kb8 78. Kc6 1-0

[Event "Oberpfalz-ch M3"]
[Site "Kareth Lappersdorf"]
[Date "2008.03.18"]
[Round "8"]
[White "Dinter, Manuel"]
[Black "Stumreiter, Barbara"]
[Result "1/2-1/2"]
[WhiteElo "1040"]
[BlackElo "1246"]
[PlyCount "30"]
[EventDate "2008.03.15"]
[EventType "swiss"]
[EventRounds "8"]
[EventCountry "GER"]
[SourceTitle "EXT 2022"]
[Source "ChessBase"]
[SourceDate "2021.10.06"]
[SourceVersion "1"]
[SourceVersionDate "2021.10.06"]
[SourceQuality "1"]

1. d4 Nf6 2. c4 g6 3. Nc3 Bg7 4. Nf3 d5 5. Bg5 c6 6. e3 0-0 7. Bd3 Re8 8. 0-0 Nbd7 9. Qc2 e5 10. Bxf6 Qxf6 11. dxe5 Nxe5 12. Nxe5 Qxe5 13. cxd5 cxd5 14. Rad1 Bg4 15. Be2 Bxe2 1/2-1/2